|
|
|
|
| LEADER |
01570nam a2200361 a 4500 |
| 001 |
EBC1741676 |
| 003 |
MiAaPQ |
| 005 |
20200520144314.0 |
| 006 |
m o d | |
| 007 |
cr cn||||||||| |
| 008 |
130207s2006 enkad sb 001 0 eng d |
| 020 |
|
|
|z 1874719950
|
| 020 |
|
|
|z 9781874719953
|
| 020 |
|
|
|a 9781907643255 (electronic bk.)
|
| 035 |
|
|
|a (MiAaPQ)EBC1741676
|
| 035 |
|
|
|a (Au-PeEL)EBL1741676
|
| 035 |
|
|
|a (CaPaEBR)ebr10650141
|
| 035 |
|
|
|a (OCoLC)884015569
|
| 040 |
|
|
|a MiAaPQ
|c MiAaPQ
|d MiAaPQ
|
| 050 |
|
4 |
|a GE300
|b .M36 2006
|
| 245 |
0 |
0 |
|a Managing the business case for sustainability
|h [electronic resource] :
|b the integration of social, environmental and economic performance /
|c edited by Stefan Schaltegger and Marcus Wagner.
|
| 260 |
|
|
|a Sheffield :
|b Greenleaf Pub.,
|c 2006.
|
| 300 |
|
|
|a xiv, 625 p. :
|b ill.
|
| 504 |
|
|
|a Includes bibliographical references and index.
|
| 505 |
0 |
|
|a pt. I. Theory - conceptual approaches -- pt. II. Empirical surveys - financial markets; industry and country surveys -- pt. III. Evidence - strategies, case studies and management systems.
|
| 533 |
|
|
|a Electronic reproduction. Ann Arbor, MI : ProQuest, 2015. Available via World Wide Web. Access may be limited to ProQuest affiliated libraries.
|
| 650 |
|
0 |
|a Environmental management.
|
| 650 |
|
0 |
|a Sustainable development.
|
| 655 |
|
4 |
|a Electronic books.
|
| 700 |
1 |
|
|a Schaltegger, Stefan.
|
| 700 |
1 |
|
|a Wagner, Marcus.
|
| 710 |
2 |
|
|a ProQuest (Firm)
|
| 856 |
4 |
0 |
|u https://ebookcentral.proquest.com/lib/matrademy/detail.action?docID=1741676
|z Click to View
|